00408nam a2200133 a 450000100100000000500170001000800410002704000250006808200160009310000270010924500720013626000460020830000200025400003128520200930062826.0110617s2004 xxu 000 0 eng d aDO-SdBNPbengcBNPHU axxxxbW177g1 aWalker, Stanleyd1898-10aGeneralissimo Rafael L. Trujillo :ba biography. /cStanley Walker. a[New York] :bCaribbean Library,c[195?]. a36 p. ;c24 cm.